Wybory do Sejmu 2019 - Statystyki

Ogólne statystyki
  • Ten quiz został rozwiązany 55 razy
  • Średni wynik to 6 z 10
Statystyki odpowiedzi
Miejsce Komitet Wyborczy Poparcie (%) Miejsca w Sejmie % Poprawnych
2 Koalicja Obywatelska (PO+.N+IPL+Zieloni) 27,40 % 134
100%
1 Prawo i Sprawiedliwość 43,59 % 235
100%
5 Konfederacja Wolność i Niepodległość 6,81 % 11
91%
4 Polskie Stronnictwo Ludowe 8,55 % 30
88%
3 Sojusz Lewicy Demokratycznej 12,56 % 49
78%
7 Mniejszość Niemiecka 0,17 % 1
47%
6 Koalicja Bezpartyjni i Samorządowcy 0,78 % 0
34%
10 Prawica 0,01 % 0
16%
8 Skuteczni Piotra Liroya-Marca 0,10 % 0
9%
9 Akcja Zawiedzionych Emerytów i Rencistów 0,03 % 0
3%
Nie znaleziono quizów pasujących do podanych kryteriów
Rozkład punktacji
Procent ludzi z każdym wynikiem
Percentyl według liczby udzielonych odpowiedzi
Twoja historia wyników
Nie rozwiązałeś tego quizu